000 00323nam a2200145Ia 4500
100 _aInce/ Darrel/ Freeman/ Adam
942 _cBK
654 _acomputer
245 _aProg the Internet with Java
260 _bAddison Wesly
_c1999
082 _a005.133'J'
_bINC/
300 _a387
546 _aENGLISH
999 _c18198
_d18198